=LDR 00000nam 2200000 4500 =001 000258 =005 20250710122459 =035 ##$$a 0010-0725000091 =245 1#$$a Tikus dan kambing /$c Ley sorya =100 #$$a Ley sorya =250 ##$$a Cetakan pertama =300 ##$$a 24 hlm. : $b Ilus. ; $c 22,9 cm =856 ##$$a TBM As suhada =260 ##$$a Rawamangun :$b Ley sorya,$c 2022 =082 ##$$a 398.209 598 =084 ##$$a 398.209 598 LEY t =020 ##$$a 978-623-472-054-9 =650 #4$$a Cerita anak indonesia-terjemahan-inggria